[Event "V Open Escacs Xàtiva"]
[Site "Xàtiva, Spain"]
[Date "2019.07.16"]
[Round "2.4"]
[White "Megias Chafer, Alejandro"]
[Black "Custard Gasco, Daniela Brenda"]
[Result "1/2-1/2"]
[WhiteElo "2119"]
[BlackElo "1811"]
[PlyCount "92"]
[EventDate "2019.??.??"]

1. d4 {[%clk 01:30:56]  [%emt 00:00:05]} 1... Nf6 {
[%clk 01:30:54]  [%emt 00:00:35]} 2. c4 {[%clk 01:30:39]  [%emt 00:00:19]} 2...
g6 {[%clk 01:30:54]  [%emt 00:00:46]} 3. Nc3 {[%clk 01:30:51]  [%emt 00:00:08]}
3... Bg7 {[%clk 01:31:16]  [%emt 00:00:10]} 4. e4 {[%clk 01:31:14]} 4... d6 {
[%clk 01:31:42]  [%emt 00:00:07]} 5. f3 {[%clk 01:31:41]  [%emt 00:00:04]} 5...
O-O {[%clk 01:31:57]  [%emt 00:00:23]} 6. Be3 {[%clk 01:31:58]} 6... Nbd7 {
[%clk 01:28:44]  [%emt 00:03:41]} 7. Qd2 {[%clk 01:32:21]  [%emt 00:00:22]}
7... c5 {[%clk 01:26:04]  [%emt 00:03:05]} 8. Nge2 {
[%clk 01:32:45]  [%emt 00:00:04]} 8... Qa5 {[%clk 01:22:28]  [%emt 00:03:57]}
9. Nc1 {[%clk 01:30:50]  [%emt 00:02:29]} 9... cxd4 {
[%clk 01:11:03]  [%emt 00:11:52]} 10. Bxd4 {[%clk 01:30:35]  [%emt 00:00:44]}
10... a6 {[%clk 01:10:04]  [%emt 00:01:32]} 11. Nb3 {
[%clk 01:28:25]  [%emt 00:02:39]} 11... Qc7 {[%clk 01:10:09]  [%emt 00:00:43]}
12. Be2 {[%clk 01:25:24]  [%emt 00:03:12]} 12... Nc5 {
[%clk 01:07:43]  [%emt 00:03:05]} 13. O-O {[%clk 01:19:18]  [%emt 00:06:56]}
13... e6 {[%clk 00:58:36]  [%emt 00:09:41]} 14. Rfd1 {
[%clk 01:16:53]  [%emt 00:02:21]} 14... b6 {[%clk 00:56:22]  [%emt 00:02:48]}
15. Bf2 {[%clk 01:16:03]  [%emt 00:01:27]} 15... Nxb3 {
[%clk 00:45:36]  [%emt 00:11:05]} 16. axb3 {[%clk 01:16:27]  [%emt 00:00:19]}
16... Ne8 {[%clk 00:43:53]  [%emt 00:02:03]} 17. Kh1 {
[%clk 01:10:03]  [%emt 00:06:55]} 17... Bb7 {[%clk 00:43:19]  [%emt 00:00:59]}
18. Na4 {[%clk 01:08:59]  [%emt 00:01:37]} 18... b5 {
[%clk 00:39:22]  [%emt 00:04:27]} 19. cxb5 {[%clk 01:08:41]  [%emt 00:00:46]}
19... axb5 {[%clk 00:39:43]  [%emt 00:00:17]} 20. Bxb5 {
[%clk 01:08:49]  [%emt 00:00:13]} 20... Qa5 {[%clk 00:39:20]  [%emt 00:01:25]}
21. Qxa5 {[%clk 01:05:30]  [%emt 00:03:25]} 21... Rxa5 {[%clk 00:39:45]} 22.
Bd7 {[%clk 00:59:01]  [%emt 00:06:55]} 22... Nf6 {
[%clk 00:33:04]  [%emt 00:07:36]} 23. Rxd6 {[%clk 00:58:55]  [%emt 00:00:16]}
23... Bxe4 {[%clk 00:33:18]  [%emt 00:00:11]} 24. Bb6 {
[%clk 00:57:22]  [%emt 00:02:27]} 24... Rd5 {[%clk 00:33:00]  [%emt 00:00:30]}
25. Rxd5 {[%clk 00:51:17]  [%emt 00:06:29]} 25... Bxd5 {
[%clk 00:33:19]  [%emt 00:00:26]} 26. Nc5 {[%clk 00:51:18]  [%emt 00:00:18]}
26... Bxb3 {[%clk 00:25:41]  [%emt 00:08:03]} 27. Ra3 {
[%clk 00:51:23]  [%emt 00:00:44]} 27... Nxd7 {[%clk 00:19:25]  [%emt 00:06:27]}
28. Nxd7 {[%clk 00:50:33]  [%emt 00:01:34]} 28... Rc8 {[%clk 00:19:43]} 29. Bc5
{[%clk 00:45:31]  [%emt 00:05:31]} 29... Bd5 {[%clk 00:16:12]  [%emt 00:04:24]}
30. b4 {[%clk 00:45:21]  [%emt 00:00:49]} 30... Rd8 {
[%clk 00:13:21]  [%emt 00:03:02]} 31. Nb6 {[%clk 00:44:37]  [%emt 00:01:01]}
31... Bc6 {[%clk 00:13:05]  [%emt 00:00:46]} 32. Kg1 {
[%clk 00:44:12]  [%emt 00:00:54]} 32... Bd4+ {[%clk 00:10:51]  [%emt 00:02:44]}
33. Bxd4 {[%clk 00:40:58]  [%emt 00:04:08]} 33... Rxd4 {
[%clk 00:11:14]  [%emt 00:00:04]} 34. Rb3 {[%clk 00:41:10]  [%emt 00:00:03]}
34... Bb5 {[%clk 00:08:17]  [%emt 00:03:20]} 35. Nc8 {
[%clk 00:39:24]  [%emt 00:02:17]} 35... Kf8 {[%clk 00:07:59]  [%emt 00:00:53]}
36. Kf2 {[%clk 00:37:15]  [%emt 00:02:35]} 36... Ke8 {
[%clk 00:07:25]  [%emt 00:01:33]} 37. Ke3 {[%clk 00:37:17]  [%emt 00:00:15]}
37... Rd5 {[%emt 00:01:11]} 38. Na7 Kd7 39. Nxb5 Rxb5 40. Kd4 Kc6 41. Kc4 Rd5
42. Rd3 Rxd3 43. Kxd3 f6 44. f4 h6 45. g4 g5 46. fxg5 hxg5 {[%clk 00:06:27]}
1/2-1/2

[Event "V Open Escacs Xàtiva"]
[Site "Xàtiva, Spain"]
[Date "2019.07.16"]
[Round "2.5"]
[White "Pallas I Garrido, Ernest Josep"]
[Black "Deruelle Sala, Albert"]
[Result "1-0"]
[WhiteElo "1831"]
[BlackElo "2076"]
[PlyCount "139"]
[EventDate "2019.??.??"]

1. Nf3 {[%clk 01:30:34]} 1... f5 {[%clk 01:30:54]  [%emt 00:00:04]} 2. g3 {
[%clk 01:30:12]} 2... Nf6 {[%clk 01:31:17]  [%emt 00:00:33]} 3. Bg2 {
[%clk 01:30:30]} 3... g6 {[%clk 01:31:40]  [%emt 00:00:21]} 4. b3 {
[%clk 01:29:52]} 4... d6 {[%clk 01:32:03]  [%emt 00:01:13]} 5. Bb2 {
[%clk 01:30:06]} 5... e5 {[%clk 01:32:26]  [%emt 00:00:27]} 6. d3 {
[%clk 01:30:15]} 6... Bg7 {[%clk 01:32:50]  [%emt 00:00:22]} 7. O-O {
[%clk 01:30:22]} 7... O-O {[%clk 01:33:12]  [%emt 00:00:34]} 8. Nbd2 {
[%clk 01:30:14]} 8... a5 {[%clk 01:32:52]  [%emt 00:03:27]} 9. a3 {
[%clk 01:28:59]} 9... Qe7 {[%clk 01:32:19]  [%emt 00:00:45]} 10. e4 {
[%clk 01:26:34]} 10... f4 {[%clk 01:32:32]  [%emt 00:03:23]} 11. Qe2 {
[%emt 00:09:42]} 11... fxg3 {[%clk 01:31:38]} 12. fxg3 {
[%clk 01:18:22]  [%emt 00:00:44]} 12... Nc6 {[%clk 01:25:39]  [%emt 00:06:37]}
13. c3 {[%clk 01:15:34]  [%emt 00:03:14]} 13... a4 {
[%clk 01:25:47]  [%emt 00:00:18]} 14. b4 {[%clk 01:13:09]  [%emt 00:02:56]}
14... Ng4 {[%clk 01:26:11]  [%emt 00:00:10]} 15. h3 {
[%clk 01:11:21]  [%emt 00:02:15]} 15... Nf6 {[%clk 01:26:23]  [%emt 00:00:17]}
16. d4 {[%clk 01:09:09]  [%emt 00:02:41]} 16... Nh5 {
[%clk 01:25:51]  [%emt 00:01:07]} 17. Kh2 {[%clk 01:08:43]  [%emt 00:00:55]}
17... g5 {[%clk 01:25:09]  [%emt 00:01:08]} 18. Nxe5 {
[%clk 00:54:58]  [%emt 00:14:17]} 18... Nxg3 {[%clk 01:25:21]  [%emt 00:00:17]}
19. Rxf8+ {[%clk 00:54:05]  [%emt 00:01:23]} 19... Qxf8 {
[%clk 01:25:49]  [%emt 00:01:25]} 20. Qc4+ {[%clk 00:52:51]  [%emt 00:00:28]}
20... Kh8 {[%clk 01:21:40]  [%emt 00:04:33]} 21. Nf7+ {
[%clk 00:52:20]  [%emt 00:01:10]} 21... Kg8 {[%clk 01:21:59]  [%emt 00:00:06]}
22. Nxg5+ {[%clk 00:50:24]  [%emt 00:02:20]} 22... Kh8 {
[%clk 01:22:22]  [%emt 00:00:06]} 23. Nf7+ {[%clk 00:50:10]  [%emt 00:01:57]}
23... Kg8 {[%clk 01:22:46]} 24. Nxd6+ {[%clk 00:49:46]} 24... Kh8 {
[%clk 01:23:06]  [%emt 00:00:05]} 25. Nf7+ {[%clk 00:50:05]  [%emt 00:00:09]}
25... Kg8 {[%clk 01:23:30]  [%emt 00:00:13]} 26. Ng5+ {
[%clk 00:48:22]  [%emt 00:02:02]} 26... Kh8 {[%clk 01:23:39]  [%emt 00:00:29]}
27. Kxg3 {[%clk 00:48:21]  [%emt 00:00:27]} 27... Qd6+ {
[%clk 01:22:38]  [%emt 00:01:31]} 28. Kf2 {[%clk 00:44:50]  [%emt 00:04:09]}
28... Qf4+ {[%clk 01:20:06]  [%emt 00:02:48]} 29. Ndf3 {
[%clk 00:40:57]  [%emt 00:04:23]} 29... h6 {[%clk 01:17:36]  [%emt 00:09:22]}
30. Ne6 {[%clk 00:29:04]  [%emt 00:07:32]} 30... Bxe6 {[%clk 01:17:32]} 31.
Qxe6 {[%clk 00:29:23]} 31... Rf8 {[%clk 01:18:01]} 32. Bc1 {
[%clk 00:23:03]  [%emt 00:06:06]} 32... Qh2 {[%clk 01:06:35]  [%emt 00:11:57]}
33. Bxh6 {[%clk 00:21:36]  [%emt 00:01:59]} 33... Bxd4+ {
[%clk 01:06:51]  [%emt 00:00:11]} 34. Be3 {[%clk 00:15:01]  [%emt 00:08:20]}
34... Bxe3+ {[%clk 01:05:18]  [%emt 00:01:54]} 35. Kxe3 {[%clk 00:14:41]} 35...
Qxg2 {[%clk 01:05:17]  [%emt 00:00:23]} 36. Qh6+ {
[%clk 00:13:52]  [%emt 00:01:12]} 36... Kg8 {[%clk 01:05:22]  [%emt 00:00:25]}
37. Qg5+ {[%clk 00:14:07]  [%emt 00:00:14]} 37... Qxg5+ {
[%clk 01:04:36]  [%emt 00:01:17]} 38. Nxg5 {[%clk 00:14:30]  [%emt 00:00:08]}
38... Rd8 {[%clk 01:02:33]  [%emt 00:02:35]} 39. Rg1 {
[%clk 00:14:06]  [%emt 00:00:51]} 39... Rd7 {[%clk 01:02:41]  [%emt 00:00:23]}
40. Ne6+ {[%clk 00:13:19]  [%emt 00:01:16]} 40... Kh8 {
[%clk 01:02:52]  [%emt 00:00:22]} 41. Nc5 {[%clk 00:09:33]  [%emt 00:04:12]}
41... Rh7 {[%clk 01:02:56]  [%emt 00:00:36]} 42. Rg3 {
[%clk 00:09:41]  [%emt 00:00:20]} 42... b5 {[%clk 01:03:21]} 43. Nd3 {
[%clk 00:08:55]  [%emt 00:01:58]} 43... Rh4 {[%clk 01:01:16]  [%emt 00:01:53]}
44. Nf4 {[%clk 00:08:25]  [%emt 00:01:01]} 44... Ne5 {
[%clk 01:00:22]  [%emt 00:01:21]} 45. Ng6+ {[%clk 00:07:35]  [%emt 00:01:21]}
45... Nxg6 {[%clk 01:00:39]  [%emt 00:00:13]} 46. Rxg6 {
[%clk 00:08:00]  [%emt 00:00:04]} 46... Rxh3+ {[%clk 01:01:02]  [%emt 00:00:10]
} 47. Kd4 {[%clk 00:08:25]  [%emt 00:00:05]} 47... Rh2 {
[%clk 01:00:28]  [%emt 00:04:15]} 48. Kc5 {[%clk 00:07:34]} 48... Ra2 {
[%clk 01:00:52]} 49. Kxb5 {[%clk 00:07:23]} 49... Rxa3 {[%clk 01:01:13]} 50. c4
{[%clk 00:06:17]  [%emt 00:00:41]} 50... Rc3 {[%clk 01:00:32]  [%emt 00:01:22]}
51. Kxa4 {[%clk 00:05:18]  [%emt 00:01:15]} 51... Rxc4 {
[%clk 01:00:51]  [%emt 00:00:12]} 52. Kb5 {[%clk 00:01:48]  [%emt 00:05:56]}
52... Rxe4 {[%clk 01:00:21]} 53. Rc6 {[%clk 00:02:11]} 53... Re7 {
[%clk 01:00:47]} 54. Ka6 {[%clk 00:02:31]} 54... Kg8 {
[%clk 00:59:03]  [%emt 00:01:38]} 55. Kb7 {[%clk 00:02:37]  [%emt 00:00:24]}
55... Kf8 {[%clk 00:59:18]  [%emt 00:00:15]} 56. Rxc7 {
[%clk 00:02:52]  [%emt 00:00:16]} 56... Re5 {[%clk 00:59:42]  [%emt 00:00:06]}
57. Rc5 {[%clk 00:03:02]  [%emt 00:00:21]} 57... Re7+ {
[%clk 00:59:47]  [%emt 00:00:25]} 58. Kb8 {[%clk 00:03:15]  [%emt 00:00:16]}
58... Re6 {[%clk 00:59:52]  [%emt 00:00:31]} 59. b5 {
[%clk 00:03:25]  [%emt 00:00:14]} 59... Ke8 {[%clk 01:00:19]  [%emt 00:00:06]}
60. Rc6 {[%emt 00:00:43]} 60... Re5 61. b6 Kd7 62. Rc7+ Kd8 63. b7 Ra5 64. Rc4
Kd7 65. Rd4+ Ke6 66. Kc7 Ke5 67. Rb4 Rc5+ 68. Kb6 Kd5 69. b8=Q Rc6+ 70. Ka5 {
[%clk 00:03:10]} 1-0

[Event "V Open Escacs Xàtiva"]
[Site "Xàtiva, Spain"]
[Date "2019.07.16"]
[Round "2.6"]
[White "Hassomal Daswani, Birjkumar"]
[Black "Crespo Calatayud, Santiago"]
[Result "1/2-1/2"]
[WhiteElo "1994"]
[BlackElo "1758"]
[PlyCount "89"]
[EventDate "2019.??.??"]

1. e4 {[%clk 01:30:55]} 1... c5 {[%clk 01:30:43]  [%emt 00:00:07]} 2. Nf3 {
[%clk 01:31:17]  [%emt 00:00:06]} 2... Nc6 {[%clk 01:30:53]  [%emt 00:00:15]}
3. d4 {[%clk 01:31:31]} 3... cxd4 {[%clk 01:31:14]  [%emt 00:00:32]} 4. Nxd4 {
[%clk 01:31:56]} 4... g6 {[%clk 01:31:38]} 5. Nc3 {
[%clk 01:31:05]  [%emt 00:01:28]} 5... Bg7 {[%clk 01:31:55]} 6. Be3 {
[%clk 01:31:19]  [%emt 00:00:07]} 6... Nf6 {[%clk 01:32:15]  [%emt 00:00:14]}
7. f3 {[%clk 01:31:10]  [%emt 00:00:55]} 7... O-O {
[%clk 01:27:24]  [%emt 00:05:29]} 8. Bc4 {[%clk 01:31:11]  [%emt 00:00:37]}
8... Qb6 {[%clk 01:27:26]  [%emt 00:00:13]} 9. Bb3 {
[%clk 01:26:38]  [%emt 00:05:05]} 9... Nxe4 {[%clk 01:26:42]  [%emt 00:00:52]}
10. Nd5 {[%clk 01:23:47]  [%emt 00:03:46]} 10... Qa5+ {
[%clk 01:16:48]  [%emt 00:10:19]} 11. c3 {[%clk 01:23:55]  [%emt 00:00:48]}
11... Nc5 {[%clk 01:07:33]  [%emt 00:09:03]} 12. Nxc6 {
[%clk 01:21:11]  [%emt 00:03:47]} 12... dxc6 {[%clk 01:08:02]  [%emt 00:00:03]}
13. Nxe7+ {[%clk 01:20:46]  [%emt 00:00:16]} 13... Kh8 {
[%clk 01:08:31]  [%emt 00:00:48]} 14. Nxc8 {[%clk 01:20:14]  [%emt 00:00:51]}
14... Raxc8 {[%clk 01:08:50]  [%emt 00:00:11]} 15. O-O {
[%clk 01:18:36]  [%emt 00:01:59]} 15... Rcd8 {[%clk 01:02:00]  [%emt 00:06:54]}
16. Qc2 {[%clk 01:16:00]  [%emt 00:03:12]} 16... Nxb3 {
[%clk 00:59:05]  [%emt 00:03:27]} 17. axb3 {[%clk 01:15:23]  [%emt 00:00:58]}
17... Qe5 {[%clk 00:52:44]  [%emt 00:07:02]} 18. Bxa7 {
[%clk 01:13:37]  [%emt 00:02:09]} 18... Rfe8 {[%clk 00:52:58]  [%emt 00:00:15]}
19. Bb6 {[%clk 01:12:30]  [%emt 00:01:39]} 19... Rd7 {
[%clk 00:53:04]  [%emt 00:00:29]} 20. Ra4 {[%clk 01:08:17]  [%emt 00:06:55]}
20... Qb5 {[%clk 00:46:48]  [%emt 00:04:21]} 21. Bf2 {
[%clk 01:04:37]  [%emt 00:04:09]} 21... h5 {[%clk 00:40:30]  [%emt 00:08:35]}
22. Re4 {[%clk 01:02:24]  [%emt 00:01:06]} 22... Rxe4 {
[%clk 00:33:40]  [%emt 00:07:45]} 23. Qxe4 {[%clk 00:58:47]  [%emt 00:03:59]}
23... Qd5 {[%clk 00:33:26]  [%emt 00:00:19]} 24. Qe2 {
[%clk 00:54:42]  [%emt 00:04:36]} 24... Qd2 {[%clk 00:29:28]  [%emt 00:05:38]}
25. Qe8+ {[%clk 00:54:26]  [%emt 00:00:40]} 25... Kh7 {[%clk 00:29:37]} 26. Re1
{[%clk 00:54:03]  [%emt 00:00:12]} 26... Bf6 {[%clk 00:25:17]  [%emt 00:04:47]}
27. g3 {[%clk 00:51:49]  [%emt 00:02:47]} 27... Qd5 {
[%clk 00:18:54]  [%emt 00:07:10]} 28. Kg2 {[%clk 00:51:49]  [%emt 00:00:43]}
28... Rd8 {[%clk 00:18:53]  [%emt 00:00:04]} 29. Qe3 {
[%clk 00:50:39]  [%emt 00:02:00]} 29... Qxb3 {[%clk 00:19:15]} 30. Qf4 {
[%clk 00:50:40]  [%emt 00:00:11]} 30... Kg7 {[%clk 00:18:14]  [%emt 00:01:46]}
31. Re2 {[%clk 00:50:37]  [%emt 00:01:20]} 31... Qd1 {
[%clk 00:17:39]  [%emt 00:00:14]} 32. Qe3 {[%clk 00:49:42]  [%emt 00:01:53]}
32... Qd3 {[%clk 00:16:10]  [%emt 00:02:07]} 33. f4 {
[%clk 00:47:48]  [%emt 00:01:54]} 33... Qxe3 {[%clk 00:15:36]  [%emt 00:00:51]}
34. Bxe3 {[%clk 00:47:46]  [%emt 00:01:00]} 34... Rd5 {
[%clk 00:14:19]  [%emt 00:01:31]} 35. Kf3 {[%clk 00:47:54]  [%emt 00:00:26]}
35... Rd7 {[%clk 00:14:18]  [%emt 00:00:32]} 36. Bb6 {[%clk 00:48:06]} 36...
Kf8 {[%clk 00:14:25]  [%emt 00:00:59]} 37. h3 {[%clk 00:47:06]  [%emt 00:01:13]
} 37... Rd5 {[%clk 00:14:03]  [%emt 00:00:39]} 38. Ke4 {
[%clk 00:45:09]  [%emt 00:02:23]} 38... Rd7 {[%clk 00:13:09]  [%emt 00:01:19]}
39. Rc2 {[%clk 00:45:00]  [%emt 00:00:51]} 39... Kg7 {
[%clk 00:11:49]  [%emt 00:01:45]} 40. b4 {[%clk 00:44:18]  [%emt 00:01:23]}
40... Re7+ {[%clk 00:11:58]  [%emt 00:00:05]} 41. Kd3 {
[%clk 00:44:17]  [%emt 00:00:31]} 41... Re1 {[%clk 00:11:40]  [%emt 00:01:44]}
42. Bc5 {[%clk 00:43:47]  [%emt 00:00:32]} 42... Rd1+ {
[%clk 00:11:05]  [%emt 00:01:40]} 43. Kc4 {[%clk 00:43:59]} 43... b5+ {
[%clk 00:11:01]} 44. Kb3 {[%clk 00:44:08]  [%emt 00:00:28]} 44... Rd3 {
[%clk 00:11:25]} 45. Bf2 {[%emt 00:01:00]} 1/2-1/2

[Event "V Open Escacs Xàtiva"]
[Site "Xàtiva, Spain"]
[Date "2019.07.16"]
[Round "2.7"]
[White "Gomar Juan, Miguel"]
[Black "Martinez Lopez, Jaume"]
[Result "0-1"]
[WhiteElo "1779"]
[BlackElo "2007"]
[PlyCount "82"]
[EventDate "2019.??.??"]

1. d4 {[%clk 01:29:32]  [%emt 00:01:32]} 1... d6 {
[%clk 01:30:49]  [%emt 00:02:19]} 2. c4 {[%clk 01:29:46]} 2... e5 {
[%clk 01:31:12]} 3. dxe5 {[%clk 01:29:17]  [%emt 00:00:39]} 3... dxe5 {
[%clk 01:31:37]} 4. Qxd8+ {[%clk 01:28:12]  [%emt 00:00:27]} 4... Kxd8 {
[%clk 01:32:05]  [%emt 00:00:39]} 5. e4 {[%clk 01:27:59]} 5... Be6 {
[%clk 01:32:11]  [%emt 00:00:34]} 6. Bd2 {[%clk 01:26:52]  [%emt 00:01:20]}
6... Nd7 {[%clk 01:30:26]  [%emt 00:02:13]} 7. Nc3 {
[%clk 01:22:31]  [%emt 00:06:16]} 7... c6 {[%clk 01:30:46]} 8. Nf3 {
[%clk 01:19:04]  [%emt 00:03:24]} 8... f6 {[%clk 01:31:07]  [%emt 00:00:17]} 9.
Be2 {[%clk 01:13:03]  [%emt 00:06:27]} 9... Ne7 {
[%clk 01:27:15]  [%emt 00:03:35]} 10. O-O {[%clk 01:10:12]  [%emt 00:03:33]}
10... Nc8 {[%clk 01:27:12]  [%emt 00:00:42]} 11. Rfd1 {
[%clk 01:06:50]  [%emt 00:03:39]} 11... Ncb6 {[%clk 01:26:26]  [%emt 00:01:28]}
12. b3 {[%clk 01:04:45]  [%emt 00:02:20]} 12... Ba3 {
[%clk 01:25:54]  [%emt 00:00:58]} 13. Bc1 {[%clk 01:02:25]  [%emt 00:03:30]}
13... Bb4 {[%clk 01:17:07]  [%emt 00:08:43]} 14. Bb2 {
[%clk 01:02:21]  [%emt 00:00:27]} 14... a5 {[%clk 01:17:34]  [%emt 00:00:36]}
15. a3 {[%clk 00:57:08]  [%emt 00:06:39]} 15... Be7 {
[%clk 01:13:33]  [%emt 00:03:00]} 16. Nd2 {[%clk 00:46:05]  [%emt 00:22:49]}
16... h5 17. Rac1 {[%clk 00:33:06]  [%emt 00:20:37]} 17... g5 18. Ncb1 {
[%emt 00:29:57]} 18... g4 19. Nf1 Kc7 20. Ne3 Nc5 21. b4 axb4 22. axb4 Nxe4 23.
Nd5+ Bxd5 24. cxd5 Bxb4 25. dxc6 bxc6 26. f3 gxf3 27. Bxf3 Nc5 28. Nc3 Nc4 29.
Ba1 Nb3 30. Rb1 Bc5+ 31. Kh1 Ncd2 32. Rb2 Bd4 33. Nb5+ cxb5 34. Rc2+ Kd6 35.
Bxa8 Rxa8 36. Bxd4 exd4 37. h3 Ne4 38. Rd3 Nec5 39. Rf3 d3 40. Rb2 Ra1+ 41. Kh2
d2 {[%clk 00:38:19]} 0-1

[Event "V Open Escacs Xàtiva"]
[Site "Xàtiva, Spain"]
[Date "2019.07.16"]
[Round "2.8"]
[White "Fernandez Sanchez, Vicente"]
[Black "Martinez Peiro, Gabriel"]
[Result "0-1"]
[WhiteElo "1703"]
[BlackElo "1965"]
[PlyCount "38"]
[EventDate "2019.??.??"]

1. Nf3 {[%clk 01:30:48]  [%emt 00:00:42]} 1... d5 {
[%clk 01:30:43]  [%emt 00:00:04]} 2. e3 {[%clk 01:30:39]  [%emt 00:00:56]} 2...
c5 {[%clk 01:30:33]  [%emt 00:00:08]} 3. c4 {[%clk 01:30:36]  [%emt 00:00:35]}
3... e6 {[%clk 01:28:44]  [%emt 00:02:23]} 4. d4 {
[%clk 01:29:13]  [%emt 00:01:57]} 4... cxd4 {[%clk 01:26:16]  [%emt 00:02:46]}
5. Nxd4 {[%clk 01:27:01]  [%emt 00:03:10]} 5... Nf6 {
[%clk 01:25:44]  [%emt 00:00:34]} 6. a3 {[%clk 01:23:42]  [%emt 00:03:53]} 6...
Nc6 {[%clk 01:20:42]  [%emt 00:05:34]} 7. b4 {[%clk 01:21:31]  [%emt 00:03:03]}
7... Be7 {[%clk 01:19:37]  [%emt 00:01:19]} 8. Nxc6 {
[%clk 01:17:27]  [%emt 00:04:34]} 8... bxc6 {[%clk 01:19:51]  [%emt 00:00:17]}
9. c5 {[%clk 01:15:03]  [%emt 00:02:44]} 9... e5 {
[%clk 01:17:40]  [%emt 00:03:09]} 10. Bb2 {[%clk 01:13:25]  [%emt 00:01:41]}
10... Qc7 {[%clk 01:17:44]  [%emt 00:00:43]} 11. Be2 {
[%clk 01:10:32]  [%emt 00:03:29]} 11... O-O {[%clk 01:17:01]  [%emt 00:00:55]}
12. O-O {[%clk 01:10:12]  [%emt 00:01:19]} 12... Bf5 {
[%clk 01:12:41]  [%emt 00:04:37]} 13. Nd2 {[%clk 01:09:23]  [%emt 00:01:13]}
13... a5 {[%clk 01:11:44]  [%emt 00:01:09]} 14. Nf3 {
[%clk 01:07:00]  [%emt 00:02:59]} 14... Nd7 {[%clk 01:11:49]  [%emt 00:01:01]}
15. Qd2 {[%clk 01:04:12]  [%emt 00:02:40]} 15... Bf6 {
[%clk 01:07:25]  [%emt 00:04:54]} 16. Bd1 {[%clk 00:57:34]  [%emt 00:07:24]}
16... Rfb8 {[%clk 01:06:42]  [%emt 00:01:03]} 17. g4 {
[%clk 00:48:48]  [%emt 00:10:06]} 17... Bxg4 {[%clk 01:03:33]  [%emt 00:02:37]}
18. Nxe5 {[%clk 00:43:06]  [%emt 00:06:12]} 18... Nxe5 {
[%clk 01:03:35]  [%emt 00:00:35]} 19. f4 {[%clk 00:39:17]  [%emt 00:04:42]}
19... Nc4 {[%clk 01:03:31]  [%emt 00:00:07]} 0-1

[Event "V Open Escacs Xàtiva"]
[Site "Xàtiva, Spain"]
[Date "2019.07.16"]
[Round "2.10"]
[White "Frances Torres, Marc"]
[Black "Castro Santimoteo, Raul"]
[Result "0-1"]
[WhiteElo "915"]
[BlackElo "1947"]
[PlyCount "68"]
[EventDate "2019.??.??"]

1. e4 {[%clk 01:30:24]  [%emt 00:00:35]} 1... e6 {
[%clk 01:27:16]  [%emt 00:03:44]} 2. Nf3 {[%clk 01:29:55]  [%emt 00:00:58]}
2... d5 {[%clk 01:27:02]  [%emt 00:00:45]} 3. exd5 {
[%clk 01:29:22]  [%emt 00:01:03]} 3... exd5 {[%clk 01:27:04]  [%emt 00:00:28]}
4. Nc3 {[%clk 01:28:53]  [%emt 00:01:00]} 4... Bg4 {
[%clk 01:25:34]  [%emt 00:02:00]} 5. d4 {[%clk 01:23:33]  [%emt 00:05:50]} 5...
Nc6 {[%clk 01:24:02]  [%emt 00:02:03]} 6. Be2 {[%clk 01:13:54]  [%emt 00:10:08]
} 6... Bb4 {[%clk 01:19:06]  [%emt 00:05:27]} 7. O-O {
[%clk 01:12:34]  [%emt 00:01:45]} 7... Nge7 {[%clk 01:18:26]  [%emt 00:01:15]}
8. Ne5 {[%clk 01:04:30]  [%emt 00:08:34]} 8... Bxe2 {
[%clk 01:17:34]  [%emt 00:01:21]} 9. Nxe2 {[%clk 00:59:44]  [%emt 00:05:15]}
9... O-O {[%clk 01:15:46]  [%emt 00:02:18]} 10. c3 {
[%clk 00:58:03]  [%emt 00:02:12]} 10... Bd6 {[%clk 01:16:01]  [%emt 00:00:15]}
11. Bf4 {[%clk 00:51:27]  [%emt 00:07:04]} 11... Na5 {
[%clk 01:11:32]  [%emt 00:05:01]} 12. Qd2 {[%clk 00:46:10]  [%emt 00:05:45]}
12... f6 {[%clk 01:11:16]  [%emt 00:00:48]} 13. Nd3 {
[%clk 00:39:08]  [%emt 00:07:32]} 13... Nc4 {[%clk 01:11:16]  [%emt 00:00:30]}
14. Qc2 {[%clk 00:37:38]  [%emt 00:01:58]} 14... Ng6 {
[%clk 01:11:21]  [%emt 00:00:28]} 15. b3 {[%clk 00:34:54]  [%emt 00:03:13]}
15... Na5 {[%clk 01:03:36]  [%emt 00:08:16]} 16. Qd2 {
[%clk 00:29:34]  [%emt 00:05:50]} 16... b6 {[%clk 01:03:31]  [%emt 00:00:35]}
17. Rfe1 {[%clk 00:28:34]  [%emt 00:01:30]} 17... Re8 {
[%clk 01:03:44]  [%emt 00:00:16]} 18. Ng3 {[%clk 00:27:47]  [%emt 00:01:17]}
18... Nb7 {[%clk 01:00:14]  [%emt 00:04:01]} 19. Nf5 {
[%clk 00:25:02]  [%emt 00:03:13]} 19... Nxf4 {[%clk 00:58:13]  [%emt 00:02:31]}
20. Nxf4 {[%clk 00:24:44]  [%emt 00:00:48]} 20... Qd7 {
[%clk 00:58:21]  [%emt 00:00:23]} 21. Ng3 {[%clk 00:22:26]  [%emt 00:02:47]}
21... c6 {[%clk 00:57:46]  [%emt 00:01:06]} 22. Re2 {
[%clk 00:18:32]  [%emt 00:04:24]} 22... Rxe2 {[%clk 00:57:36]  [%emt 00:00:40]}
23. Nfxe2 {[%clk 00:18:10]  [%emt 00:00:51]} 23... Re8 {
[%clk 00:57:49]  [%emt 00:00:17]} 24. Re1 {[%clk 00:18:01]  [%emt 00:00:39]}
24... Bc7 {[%clk 00:55:23]  [%emt 00:02:56]} 25. Nf4 {
[%clk 00:13:46]  [%emt 00:04:41]} 25... Rxe1+ {[%clk 00:55:06]  [%emt 00:00:49]
} 26. Qxe1 {[%clk 00:12:47]  [%emt 00:01:29]} 26... Bxf4 {
[%clk 00:55:28]  [%emt 00:00:09]} 27. Nh5 {[%clk 00:12:33]  [%emt 00:00:43]}
27... Bd6 {[%clk 00:55:15]  [%emt 00:00:44]} 28. f4 {
[%clk 00:12:00]  [%emt 00:01:02]} 28... Qf7 {[%clk 00:54:46]  [%emt 00:01:01]}
29. Qh4 {[%clk 00:10:59]  [%emt 00:01:30]} 29... Nd8 {
[%clk 00:53:32]  [%emt 00:01:45]} 30. g4 {[%clk 00:08:14]  [%emt 00:03:18]}
30... Qe6 {[%clk 00:53:15]  [%emt 00:00:44]} 31. f5 {
[%clk 00:06:41]  [%emt 00:02:03]} 31... Qe3+ {[%clk 00:53:09]  [%emt 00:00:36]}
32. Kg2 {[%clk 00:06:02]  [%emt 00:01:09]} 32... Qe2+ {
[%clk 00:52:15]  [%emt 00:01:23]} 33. Kg1 {[%clk 00:05:56]  [%emt 00:00:34]}
33... Nf7 {[%clk 00:52:34]  [%emt 00:00:14]} 34. g5 {
[%clk 00:05:25]  [%emt 00:01:06]} 34... Nxg5 {[%emt 00:04:03]} 0-1